000 00808 a2200229 4500
005 20251107121650.0
008 251107b |||||||| |||| 00| 0 eng d
020 _a9789368830627 (hbk)
037 _cTB
040 _aCRL
_cCRL
041 _2eng
_aeng
084 _aT:3(L).275 R5
_qCRL
100 _aBhattacharya, Jayanta
_9849236
245 _aCalcutta medical college:
_bMedicine, social psyche, and the making of modern citizenry
260 _aDelhi, India:
_bPrimus Books,
_c2025.
300 _axxiv, 430p.
365 _b1750.00
_cINR
650 _aEducations
_9850422
650 _aMedical College
_9850423
942 _cTB
_2CC
_n0
_hT:3(L).275 R5
999 _c1464980
_d1464980